[Event "GRENKE Chess Classic and Open 2024"]
[Site "Karlsruhe, Germany"]
[Date "2024.04.01"]
[Round "1"]
[White "Carlsen, Magnus"]
[Black "Rapport, Richard"]
[Result "1-0"]
[WhiteElo "2823"]
[BlackElo "2708"]
[Annotator "rafael"]
[PlyCount "101"]
[EventDate "2024.??.??"]
[TimeControl "2700+10"]

1. e4 e6 2. d4 d5 3. Nc3 Bb4 4. e5 c5 5. a3 Bxc3+ 6. bxc3 Ne7 7. Qg4 Qc7 8. Bd3 Qa5 {Rapport repeats the same variation from his game against Vachier-Lagrave, in which he achieved a good position from the opening.} 9. Bd2 c4 10. Be2 Rg8 11. a4 Nbc6 12. Qh3 {I suggested this move in my analysis of the above-mentioned game, but I thought Rapport's idea was to sacrifice the h-pawn.} (12. Nf3 {was the move played by Vachier-Lagrave.}) ({RR} 12. Nf3 Bd7 13. O-O h6 14. Rfb1 O-O-O 15. Rb5 Qc7 16. Qf4 g5 17. Qxf7 Nf5 18. g4 Rdf8 19. Qh5 Be8 20. Qh3 h5 21. Nxg5 hxg4 22. Bxg4 Qe7 23. f4 Rh8 24. Qg2 Nd8 25. Rbb1 Bg6 26. Rf1 Kb8 {Vachier Lagrave,M (2728)-Rapport,R (2720) Karlsruhe GER 2024 1-0 (70)}) 12... h6 $6 {[%c_effect h6;square;h6;type;Inaccuracy;persistent;true]} (12... Bd7 {This is a critical move and I had imagined that Rapport would play it.} 13. Qxh7 O-O-O {With the idea of playing f7-f6, with a complicated fight. Black has some compensation for the pawn in the form of better development and chances of attacking White's vulnerable queen.}) 13. Bh5 $146 {[%c_effect h5;square;h5;type;GreatFind;persistent;true] The bishop is placed on an active square, preventing Black from castling queenside and freeing the e2-square for the knight. If Black plays g7-g6, weaknesses on the dark squares are created.} ({RR} 13. Qf3 Bd7 14. Nh3 Rf8 15. Nf4 O-O-O 16. g4 f6 17. exf6 gxf6 18. Nh5 f5 19. Qe3 fxg4 20. Bxg4 e5 21. Bxd7+ Rxd7 22. Qxh6 Qd8 23. dxe5 Nxe5 24. O-O-O N7g6 25. Qe3 Qa5 26. f4 Qxa4 27. Qc5+ Nc6 {Janeczko,J (2282)-Sengupta,D (2497) Warsaw POL 2025 1-0 (41)}) 13... Bd7 14. Ne2 g6 {This move is ultimately a necessary evil, as it's the only way to castle.} (14... O-O-O $2 {[%c_effect c8;square;c8;type;Mistake;persistent;true]} 15. Bxf7) 15. Bg4 $1 {[%c_effect g4;square;g4;type;GreatFind;persistent;true] A curious move. Why didn't Carlsen immediately return the bishop to f3, as the vast majority of humanity would do $2 Playing such subtle moves is one of the many reasons why he is so special.} (15. Bf3 Rh8 {This is forced, since there's no other way to defend the pawn and h6-h5 is a much worse version for Black of what happens in the game. Maybe the point is that White's plan here is not as clear or effective as the possible plan with the bishop on g4.} 16. g4 $5 {[%c_effect g4;square;g4;type;Interesting;persistent;true] with the idea of Qg3 and then h4-h5.}) 15... h5 {White's previous move was designed to provoke this advance.} (15... Rh8 16. Qf3 {This is one difference from the bishop being on g4: White can use the third rank for the queen to go to either to g3 or f3, followed by the advance of the h-pawn.}) 16. Bf3 Nf5 $6 {[%c_effect f5;square;f5;type;Inaccuracy;persistent;true]} (16... O-O-O {is more accurate, although Black is still suffering after} 17. Bg5 {The dark squares are too vulnerable.}) 17. g4 $1 {[%c_effect g4;square;g4;type;GreatFind;persistent;true]} hxg4 18. Bxg4 O-O-O 19. Bxf5 $1 {[%c_effect f5;square;f5;type;GreatFind;persistent;true] Changing the strategic nature of the position is often difficult in chess, so the moves g4 and now Bxf5 may not be the easiest for many players. By looking at the board objectively, however, we can see that Black has a miserable position strategically: too many weaknesses on the dark squares and no active plan.} exf5 20. Bg5 Rde8 21. Kd2 $1 {[%c_effect d2;square;d2;type;GreatFind;persistent;true] The white king finds a surprisingly safe haven in the middle of the board. White's plan now is relatively simple: place the queen on f3 and advance the h-pawn.} Rh8 22. Qf3 {The bad light-squared bishop in the French Defense is once again one of the reasons for tragedy.} Nd8 $1 {[%c_effect d8;square;d8;type;GreatFind;persistent;true] The only chance is to activate the knight by the placing it on e6.} 23. Bf6 Rh6 24. h4 (24. Nf4 {is a possible alternative.} Ne6 $1 {[%c_effect e6;square;e6;type;GreatFind;persistent;true]} 25. Nxe6 $1 {[%c_effect e6;square;e6;type;GreatFind;persistent;true]} (25. Qxd5 {is less clear:} Qc7 $1 {[%c_effect c7;square;c7;type;GreatFind;persistent;true] This is what Black wants: some activity at the cost of a pawn, even though his position is still objectively worse.} (25... Qxd5 {is good for White after} 26. Nxd5 Bc6 27. Ne3 $1 {[%c_effect e3;square;e3;type;GreatFind;persistent;true]} Bxh1 28. Rxh1)) 25... Bxe6 26. h4 Rh5 27. Qd1 $1 {[%c_effect d1;square;d1;type;GreatFind;persistent;true] With the idea of playing Qc1-a3 and torturing Black for a long time on the dark squares.}) 24... Ne6 25. h5 $2 {[%c_effect h5;square;h5;type;Mistake;persistent;true] This sharpens the game, but it isn't the best.} (25. Qe3 Rh5 26. Nf4 Nxf4 27. Qxf4 {with advantage for White, similar to the one we saw after 24.Nf4. It should be pointed out that the rook on h5, although it is protecting the kingside, is shut out from the game.}) 25... g5 $1 {[%c_effect g5;square;g5;type;GreatFind;persistent;true]} 26. Rae1 $3 {[%c_effect e1;square;e1;type;Brilliant;persistent;true] This is another very difficult move that it's not easy to understand until we go deeper into the position. This type of move is much more beautiful than a simple combination, which is a pure mathematical question. Here, though, is the true art of chess: moves that can only be understood after much reflection and that involve a hidden idea to prevent an opponent's plan.} (26. Qxf5 $4 {[%c_effect f5;square;f5;type;Blunder;persistent;true] tragically loses the queen after} Nxd4 27. Qxg5 Nf3+) (26. Rag1 $2 {[%c_effect g1;square;g1;type;Mistake;persistent;true]} g4 27. Qe3 f4 $1 {[%c_effect f4;square;f4;type;GreatFind;persistent;true]} 28. Nxf4 Rxf6 $1 {[%c_effect f6;square;f6;type;GreatFind;persistent;true]} 29. exf6 Ng5 {In this line we can see the importance of the rook on e1.}) 26... f4 $2 {[%c_effect f4;square;f4;type;Mistake;persistent;true] The position is very difficult to play and it's hard for Black not to make a mistake.} (26... Qxa4 $2 {[%c_effect a4;square;a4;type;Mistake;persistent;true] Taking the pawn on a4 is clearly wrong:} 27. Ra1) (26... Bxa4 $2 {[%c_effect a4;square;a4;type;Mistake;persistent;true]} 27. Qxf5) (26... g4 $2 {[%c_effect g4;square;g4;type;Mistake;persistent;true] In this line we can understand the idea behind Carlsen's previous move.} 27. Qe3 f4 {This no longer works:} 28. Nxf4 Rxf6 29. exf6 Ng5 30. Qxe8+ {Thanks to the rook on e1, White wins two rooks and a pawn—the dangerous passed h-pawn, no less—for the queen. The true art of chess.}) (26... a6 $1 {[%c_effect a6;square;a6;type;GreatFind;persistent;true] This or 26...b6 are the best moves according to the computer. What can I say $2 Chess is not easy. 26...a6 I can understand: now it's possible to capture on a4 in some lines, since there's no more Ra1 capturing on a7. Apart from that, the king can march to a safer place with Kb8-a7. I apologize if that explanation was not convincing. The position remains very complicated and the evaluation is the one we expect (0.00).}) 27. Reg1 $1 {[%c_effect g1;square;g1;type;GreatFind;persistent;true] The pawns on the kingside are too vulnerable.} Rg8 {This loses by force, but it's difficult to make recommendations.} (27... Bxa4 {is the computer suggestion and probably the best practical chance, but after} 28. Ra1 $1 {[%c_effect a1;square;a1;type;GreatFind;persistent;true] Black is tied up.} (28. Bxg5 $2 {[%c_effect g5;square;g5;type;Mistake;persistent;true] is wrong:} Bxc2 $1 {[%c_effect c2;square;c2;type;GreatFind;persistent;true]} 29. Kxc2 Qa2+ {with perpetual check.})) 28. Nxf4 $1 {[%c_effect f4;square;f4;type;GreatFind;persistent;true]} Rxf6 $1 {[%c_effect f6;square;f6;type;GreatFind;persistent;true] Rapport is up to the challenge and fights with great resilience.} (28... Nxf4 29. Qxf4 {29.Rxg5 or 29.Bxg5 are also winning.} (29. Rxg5 Rxg5 30. Bxg5 Rxh5 31. Rxh5 Nxh5 32. Qxh5 Be6 33. f4 {Black cannot hold the position for long.}) 29... gxf4 30. Rxg8+ Be8 (30... Kc7 31. Bd8+) 31. Rxe8+ Kd7 32. Re7+ Kc6 33. Rxf7 {with an easy win, since the king is too exposed and White has two dangerous passed pawns.}) 29. exf6 Nxf4 30. h6 $6 {[%c_effect h6;square;h6;type;Inaccuracy;persistent;true] I was surprised by this move, since I expected Carlsen to take on f4. But things are not so easy as I initially thought.} (30. Qxf4 $1 {[%c_effect f4;square;f4;type;GreatFind;persistent;true]} gxf4 31. Rxg8+ Kc7 {Now White must be very accurate.} 32. Rg7 $1 {[%c_effect g7;square;g7;type;GreatFind;persistent;true]} (32. Rf8 {is also good.}) (32. h6 $2 {[%c_effect h6;square;h6;type;Mistake;persistent;true] is tempting... and wrong:} Bf5 33. h7 $2 {[%c_effect h7;square;h7;type;Mistake;persistent;true] Now White even loses $1} (33. Rh5 {is enough for a draw.}) 33... Qxa4 $1 {[%c_effect a4;square;a4;type;GreatFind;persistent;true] Black begins some surprising counterplay and wins the game.} (33... Bxh7 $2 {[%c_effect h7;square;h7;type;Mistake;persistent;true]} 34. Rxh7 {with an easy win.}) 34. h8=Q Qxc2+ 35. Ke1 f3 {with inevitable mate.}) 32... Qxa4 (32... Bf5 33. Rxf7+ Kc6 34. Rc1 $1 {[%c_effect c1;square;c1;type;GreatFind;persistent;true] The c2-pawn is protected and the h- and f-pawns are decisive, for instance:} Qd8 35. h6 Qe8 36. h7) 33. h6 Bf5 34. Rxf7+ Kb6 35. Rc1 Qe8 36. h7 $1 {[%c_effect h7;square;h7;type;GreatFind;persistent;true] with a decisive advantage for White.}) 30... Ne6 $1 {[%c_effect e6;square;e6;type;GreatFind;persistent;true]} 31. h7 Rh8 32. Qe3 $1 {[%c_effect e3;square;e3;type;GreatFind;persistent;true] Preparing the sac on g5.} Qd8 $1 {[%c_effect d8;square;d8;type;GreatFind;persistent;true]} 33. Rxg5 $1 {[%c_effect g5;square;g5;type;GreatFind;persistent;true]} Nxg5 34. Qxg5 {The queen goes to g7 and Black is paralyzed, but it remains to be seen how White can completely break the resistance.} Kc7 35. Qg7 Be6 36. Re1 $2 {[%c_effect e1;square;e1;type;Mistake;persistent;true] This move surprisingly lets the win slip.} (36. Rh5 $1 {[%c_effect h5;square;h5;type;GreatFind;persistent;true] was the right path for the rook, with the same plan as in the game.}) 36... Kb6 $2 {[%c_effect b6;square;b6;type;Mistake;persistent;true]} (36... Bf5 $1 {[%c_effect f5;square;f5;type;GreatFind;persistent;true] is the right move:} 37. Qxf7+ Kc6 {Now White is the one who needs to play carefully.} 38. Rg1 Rxh7 39. Rg7 {The game ends in a draw in many possible ways.} Rxg7 (39... Qb8 40. Kc1 $1 {[%c_effect c1;square;c1;type;GreatFind;persistent;true]} Qf4+ 41. Kb2 Rxg7 42. fxg7 Qxf2 43. Qe8+ {with perpetual check.}) 40. fxg7 (40. Qxg7 {is also a draw:} Qd6 41. f7 Qf4+ 42. Ke1 Qe4+ 43. Kf1 Qh1+ {with perpetual check again.}) 40... Qg5+ 41. Ke2 Bh7 42. Qe6+ {with a draw.}) 37. Re5 $1 {[%c_effect e5;square;e5;type;GreatFind;persistent;true]} Qc8 38. f4 {Preparing f4-f5 at the right moment.} a6 39. Kc1 $1 {[%c_effect c1;square;c1;type;GreatFind;persistent;true] It's important to hide the king first.} (39. f5 $2 {[%c_effect f5;square;f5;type;Mistake;persistent;true]} Bxf5 40. Rxf5 Qxf5 41. Qxh8 Qf4+ {with perpetual check.}) 39... Ka7 40. f5 Bd7 (40... Bxf5 41. Rxf5 Qxf5 42. Qxh8 {Now there is a pawn shelter protecting the king.}) 41. a5 $1 {[%c_effect a5;square;a5;type;GreatFind;persistent;true]} Qf8 42. Kb2 Qc8 43. Rxd5 {White starts collecting the pawns.} Bc6 44. Re5 Bd7 45. Qxf7 Bxf5 46. Rc5 Qe6 47. Qxe6 Bxe6 48. Rc7 Bf5 49. Rg7 $1 {[%c_effect g7;square;g7;type;GreatFind;persistent;true] Even the last moves are pretty.} Bxh7 50. f7 {Preparing Rxh7. If the bishop moves, White can play Rg8. A study-like position.} Bd3 51. cxd3 {A marvelous game.} 1-0

[Event "Champions Chess Tour Chess.com Classic "]
[Site "Chess.com"]
[Date "2024.05.15"]
[Round "5"]
[White "Firouzja, Alireza"]
[Black "Carlsen, Magnus"]
[Result "1-0"]
[WhiteElo "2867"]
[BlackElo "2889"]
[Annotator "rafael"]
[PlyCount "83"]
[EventDate "2024.??.??"]

{[%evp 0,83,28,28,28,15,15,-3,14,9,19,24,3,-62,-58,-47,-29,-41,-29,-40,2,-5,5,12,-7,-6,2,12,-1,4,40,39,17,17,21,-12,71,43,64,65,130,97,109,115,93,93,149,203,204,206,213,213,213,240,233,198,183,190,196,192,193,195,198,198,198,198,198,226,223,240,263,212,273,297,329,323,309,311,300,300,300,306,402,414,447,386]} 1. e4 e5 2. Bc4 Nf6 3. d3 c6 4. Nf3 d5 5. Bb3 Bd6 6. Nbd2 {O desenvolvimento do cavalo para d2 não é perigoso para as Negras.} (6. Nc3 {é mais popular.}) 6... O-O 7. O-O Re8 8. Re1 Nbd7 9. c3 Nc5 10. Bc2 dxe4 11. dxe4 Bc7 12. Qe2 Qe7 $146 (12... a5 $1 {[%c_effect a5;square;a5;type;GreatFind;persistent;true] Meu lance favorito aqui, antecipando o avanço b2-b4 e preparando um plano com b6-Ba6. As Negras têm uma boa posição.} 13. b4) ({RR} 12... Nh5 13. Nc4 Qf6 14. Bg5 Qg6 15. Be3 Nf4 16. Bxf4 exf4 17. e5 Qh6 18. b4 b5 19. bxc5 bxc4 20. Qxc4 Bg4 21. Bb3 Qh5 22. Qxf4 Bxf3 23. Qxf3 Qxf3 24. gxf3 Bxe5 25. Rad1 g5 26. Re4 Re7 27. Rde1 {Bernasek,J (2498)-Mladek,R (2365) Czech Republic 2021 ½-½ (66)}) 13. b4 $1 {[%c_effect b4;square;b4;type;GreatFind;persistent;true] tirando o cavalo de sua posição ativa.} Ne6 14. Nc4 Nf4 {A posição das Negras se torna muito perigosa agora.} (14... a5 $1 {[%c_effect a5;square;a5;type;GreatFind;persistent;true] ainda é um bom lance, quebrando a estrutura de peões na ala do rei.}) 15. Bxf4 exf4 16. e5 $1 {[%c_effect e5;square;e5;type;GreatFind;persistent;true]} Nd5 $2 {[%c_effect d5;square;d5;type;Mistake;persistent;true]} (16... Bg4 $1 {[%c_effect g4;square;g4;type;GreatFind;persistent;true] é o melhor lance, mas boa sorte em encontrá-lo em uma partida rápida.} 17. h3 (17. Qd3 {parece tentador, mas as Negras conseguem escapar depois de} Bxf3 18. gxf3 g6 {Agora} (18... Rad8 19. Qf5 Rd5 $1 {[%c_effect d5;square;d5;type;GreatFind;persistent;true] também é possível.}) 19. exf6 $2 {[%c_effect f6;square;f6;type;Mistake;persistent;true] perde para} Qxe1+ 20. Rxe1 Rxe1+ 21. Kg2 Rd8 $1 {[%c_effect d8;square;d8;type;GreatFind;persistent;true] e a dama não tem casas disponíveis.}) 17... Bxf3 18. Qxf3 Nd7 {com uma posição ligeiramente melhor para as Brancas.}) 17. h3 $2 {[%c_effect h3;square;h3;type;Mistake;persistent;true]} (17. Nd6 $1 {[%c_effect d6;square;d6;type;GreatFind;persistent;true] é a melhor maneira de manter a iniciativa.} Bxd6 18. Qd3 {Este é o ponto.} Bf5 $1 {[%c_effect f5;square;f5;type;GreatFind;persistent;true] O mal menor.} 19. Qxf5 g6 20. Qd3 Bc7 21. Bb3 {com uma posição promissora para as Brancas: seu bispo de casas claras é muito melhor do que o das Negras de casas escuras.}) 17... g6 {Um lance de duplo propósito, jogado tanto para restringir o bispo branco quanto para dar ar ao rei.} 18. Qd2 Be6 $2 {[%c_effect e6;square;e6;type;Mistake;persistent;true] Foi essencial para controlar a casa d6.} (18... Rd8 $1 {[%c_effect d8;square;d8;type;GreatFind;persistent;true] é necessário, embora as Brancas mantenham a pressão depois de} 19. Bb3) 19. Nd6 $1 {[%c_effect d6;square;d6;type;GreatFind;persistent;true]} Red8 $6 {[%c_effect d8;square;d8;type;Inaccuracy;persistent;true] Depois disso, as Negras estão perdidas sem uma chance real de salvar a partida.} (19... Bxd6 {é uma tentativa melhor, indo para um final com três peões pela peça, embora as Brancas ainda devam vencer depois de} 20. exd6 Qxd6 21. c4 Qxb4 22. cxd5 Qxd2 23. Nxd2 Bxd5) 20. c4 Nb6 21. c5 {Firouzja tem um cavalo monstro em d6. Raramente vi Carlsen em uma posição estratégica tão ruim.} Nd5 22. Be4 b6 {Tentando conseguir algum contra-jogo, mas isso só piora as coisas.} 23. Nd4 Bd7 24. Bxd5 cxd5 25. Qxf4 bxc5 26. bxc5 {O resultado não está em dúvida e Firouzja converte a vantagem sem nenhum problema.} Rab8 27. Rab1 (27. Qf3 {também é bom, capturando o peão em d5.}) 27... Rxb1 28. Rxb1 Rb8 29. Rxb8+ Bxb8 30. Nf3 {Abrindo caminho para a dama ir para a ala da dama.} (30. c6 {também é muito bom, simplesmente avançando o peão passado.}) 30... Bc7 31. Qb4 Bc6 32. Nc8 $1 {[%c_effect c8;square;c8;type;GreatFind;persistent;true] O cavalo deixa sua posição majestosa por uma boa razão: coletar o peão de a7.} Qd7 33. Nxa7 Ba4 34. Qb7 {Preparando o avanço do peão de c.} d4 35. c6 Qd8 36. Qb4 Bc2 37. Nb5 {Capturar o peão de d4 também leva a uma vitória simples, mas a posição é tão boa que quase qualquer coisa vence.} (37. Qxd4) (37. Nxd4) 37... Be4 38. Nxc7 Qxc7 39. Nxd4 Qxe5 40. Qc4 $1 {[%c_effect c4;square;c4;type;GreatFind;persistent;true] O detalhe final.} (40. Qc3 $2 {[%c_effect c3;square;c3;type;Mistake;persistent;true] perde um peão, embora o final de dama após} Bxc6 41. Qxc6 Qxd4 {está tecnicamente ganho.}) 40... Qg5 (40... Bd5 41. c7 $1 {[%c_effect c7;square;c7;type;GreatFind;persistent;true] Esta é a ideia:} Bxc4 42. c8=Q+ Kg7 43. Qxc4) 41. f3 Qe3+ 42. Kh1 {As Negras não têm xeque perpétuo e o peão de c não pode ser parado. Uma vitória surpreendentemente tranquila para Firouzja em um dia em que ele fez o impossível acontecer.} 1-0